| 000 | 01546pam a2200337 a 4500 | ||
|---|---|---|---|
| 001 | 651815 | ||
| 003 | NUST-PNEC | ||
| 005 | 20170116180714.0 | ||
| 008 | 940329s1995 nyua f 001 0 eng | ||
| 010 | _a 94011138 | ||
| 020 | _a0070288127 | ||
| 040 |
_aDLC _cPNEC _dDLC |
||
| 050 | 0 | 0 |
_aTA332 _b.S73 1995 |
| 082 | 0 | 0 | _a620.00212 HIC |
| 100 |
_9655 _aHicks Tyler G. |
||
| 245 | 0 | 0 |
_aStandard handbook of engineering calculations / _cTyler G. Hicks, editor ; S. David Hicks, coordinating editor; Joseph Leto, assistant editor. |
| 250 | _a3rd ed. | ||
| 260 |
_aNew York : _bMcGraw-Hill, _cc1995. |
||
| 300 |
_a1 v. (various pagings) : _bill. ; _c24 cm. |
||
| 500 | _aIncludes index. http://www.amazon.com/Standard-Handbook-Engineering-Calculations-Gregory/dp/0070288127/ref=sr_1_2?s=books&ie=UTF8&qid=1413448086&sr=1-2&keywords=0070288127 | ||
| 650 | 0 |
_aEngineering mathematics _xHandbooks, manuals, etc. |
|
| 700 | 1 |
_aHicks, Tyler Gregory, _d1921- |
|
| 700 | 1 | _aHicks, S. David. | |
| 700 | 1 | _aLeto, Joseph. | |
| 856 | 4 | 2 |
_3Publisher description _uhttp://www.loc.gov/catdir/description/mh022/94011138.html |
| 856 | 4 | 1 |
_3Table of contents only _uhttp://www.loc.gov/catdir/toc/mh022/94011138.html |
| 856 | 4 | 2 |
_3Contributor biographical information _uhttp://www.loc.gov/catdir/enhancements/fy0602/94011138-b.html |
| 906 |
_a7 _bcbc _corignew _d1 _eocip _f19 _gy-gencatlg |
||
| 942 |
_2ddc _cBK |
||
| 999 |
_c61100 _d61100 |
||